000 01017nam a2200229Ia 4500
999 _c37606
_d37606
001 3578
003 GE_BSU
005 20190528152247.0
008 181216s1985|||| |||||||||||||| ||geo||
040 _cGE_BSU
041 _ageo
080 _a512.8(076) გ-45
100 _aგველესიანი, ს
_91719
245 _aამოცანათა კრებული უმაღლეს ალგებრაში :დამხ.სახელმძღ. /
_cს.გველესიანი ; ნ. ხომერიკი ; რედ : ე.გიორგაძე.
264 _aთბილისი :
_bსპი,
_c1985.
300 _a96 გვ .:
_c20 სმ.
653 _aამოცანათა კრებული უმაღლეს ალგებრაში
653 _aუმაღლესი ალგებრა
700 _aხომერიკი, ნ
_91720
700 _aგიორგაძე, ე
_eრედაქტორი
_9398
942 _cBK
_2udc